Statistiques concernant Albums par cover - Jul

Cliquez ici pour prendre le quiz!

Statistiques générales

  • Ce quiz a été pris 358 fois
    (259 depuis la dernière actualisation)
  • Le résultat moyen est 18 sur 28

Statistiques - réponses

Réponse% Correct
La Machine
82%
Coeur blanc
80%
La tête dans les nuages
76%
Dans ma Paranoïa
75%
My World
75%
Émotions
74%
Rien 100 Rien
74%
Extraterrestre
72%
Album gratuit
69%
L'Ovni
68%
Jul
65%
La zone en personne
64%
Album gratuit vol.2
63%
Indépendance
63%
Demain ça ira
61%
Loin du monde
61%
Album gratuit vol.6
58%
Album gratuit vol.5
57%
C'est pas des lol
57%
Album gratuit vol.7
55%
Je ne me vois pas briller
55%
Je tourne en rond
55%
Album gratuit vol.4
54%
C'est quand qu'il s'éteint ?
54%
Inspi d'Ailleurs
50%
Je trouve pas le sommeil
50%
Album gratuit vol.3
47%
Lacrizeomic
46%

Distribution des résultats

Percentile par nombre de réponses

% des personnes avec chaque résultat

Votre développement - résultats

Vous n’avez pas pris ce quiz depuis la dernière actualisation